America now : (Record no. 5857)
[ view plain ]
| 000 -LEADER | |
|---|---|
| fixed length control field | 00782nam a2200277Ia 4500 |
| 001 - CONTROL NUMBER | |
| control field | 9333474 |
| 003 - CONTROL NUMBER IDENTIFIER | |
| control field | OSt |
| 005 - DATE AND TIME OF LATEST TRANSACTION | |
| control field | 20190110124253.0 |
| 008 - FIXED-LENGTH DATA ELEMENTS--GENERAL INFORMATION | |
| fixed length control field | 830906s1982 nyu b 001 0 eng d |
| 020 ## - INTERNATIONAL STANDARD BOOK NUMBER | |
| International Standard Book Number | 0671457012 |
| Terms of availability | (pbk.) |
| 020 ## - INTERNATIONAL STANDARD BOOK NUMBER | |
| International Standard Book Number | 067143148X |
| 035 ## - SYSTEM CONTROL NUMBER | |
| System control number | 0369-91560 |
| 040 ## - CATALOGING SOURCE | |
| Transcribing agency | DLC |
| 082 ## - DEWEY DECIMAL CLASSIFICATION NUMBER | |
| Classification number | 973.92 |
| Item number | H313A |
| 090 ## - LOCALLY ASSIGNED LC-TYPE CALL NUMBER (OCLC); LOCAL CALL NUMBER (RLIN) | |
| Classification number (OCLC) (R) ; Classification number, CALL (RLIN) (NR) | HN59 |
| Local cutter number (OCLC) ; Book number/undivided call number, CALL (RLIN) | .H27 1982x |
| 100 1# - MAIN ENTRY--PERSONAL NAME | |
| Personal name | Harris, Marvin, |
| Dates associated with a name | 1927-2001 |
| 245 10 - TITLE STATEMENT | |
| Title | America now : |
| Remainder of title | the anthropology of a changing culture / |
| Statement of responsibility, etc. | Marvin Harris |
| 250 ## - EDITION STATEMENT | |
| Edition statement | 1st Touchstone ed |
| 260 ## - PUBLICATION, DISTRIBUTION, ETC. | |
| Place of publication, distribution, etc. | New York : |
| Name of publisher, distributor, etc. | Simon and Schuster, |
| Date of publication, distribution, etc. | 1982 |
| 300 ## - PHYSICAL DESCRIPTION | |
| Extent | 208 p. ; |
| Dimensions | 23 cm |
| 500 ## - GENERAL NOTE | |
| General note | "A Touchstone book." |
| 500 ## - GENERAL NOTE | |
| General note | Includes index |
| 504 ## - BIBLIOGRAPHY, ETC. NOTE | |
| Bibliography, etc. note | Bibliography: p. 190-198 |
| 651 #0 - SUBJECT ADDED ENTRY--GEOGRAPHIC NAME | |
| Geographic name | United States |
| General subdivision | Social conditions |
| Chronological subdivision | 1970- |
| 942 ## - ADDED ENTRY ELEMENTS (KOHA) | |
| Source of classification or shelving scheme | Dewey Decimal Classification |
| Koha item type | Books |
| Withdrawn status | Lost status | Source of classification or shelving scheme | Damaged status | Not for loan | Collection code | Home library | Current library | Shelving location | Date acquired | Cost, normal purchase price | Total Checkouts | Full call number | Barcode | Date last seen | Price effective from | Koha item type |
|---|---|---|---|---|---|---|---|---|---|---|---|---|---|---|---|---|
| Dewey Decimal Classification | Non-fiction | Harvest Mission College | Harvest Mission College | General Stacks | 10.01.2019 | 950.00 | 973.92 H313A | 006596 | 10.01.2019 | 10.01.2019 | Books |
